[Event "ODJM A 2025"]
[Site "Willingen GER"]
[Date "2025.06.10"]
[Round "4"]
[White "Walz, Fabian"]
[Black "Storm, Max"]
[Result "1-0"]
[Termination "normal"]
[Board "14"]
[WhiteElo "1960"]
[BlackElo "2061"]
[WhiteClock "00:52:33"]
[BlackClock "00:21:02"]
[PlyCount "65"]
[WhiteFideId "34618520"]
[BlackFideId "34625658"]
[EventCountry "GER"]
[EventRounds "9"]
[EventType "swiss"]
[EventDate "2025.06.07"]

1. d4 {[%clk 01:30:50]} {[%emt 00:00:08]} Nf6 {[%clk 01:30:52]} {[%emt
00:00:09]} 2. c4 {[%clk 01:31:15]} {[%emt 00:00:04]} c6 {[%clk 01:31:16]}
{[%emt 00:00:05]} 3. Nf3 {[%clk 01:31:41]} {[%emt 00:00:05]} d5 {[%clk
01:31:40]} {[%emt 00:00:06]} 4. g3 {[%clk 01:32:06]} {[%emt 00:00:05]} a6
{[%clk 01:30:34]} {[%emt 00:01:37]} 5. Bg2 {[%clk 01:29:41]} {[%emt 00:02:53]}
Bf5 {[%clk 01:30:21]} {[%emt 00:00:43]} 6. Qb3 {[%clk 01:26:17]} {[%emt
00:03:54]} Ra7 {[%clk 01:29:43]} {[%emt 00:01:09]} 7. Nc3 {[%clk 01:24:09]}
{[%emt 00:02:38]} e6 {[%clk 01:29:28]} {[%emt 00:00:45]} 8. Nh4 {[%clk
01:18:22]} {[%emt 00:06:15]} Bg6 {[%clk 01:28:49]} {[%emt 00:01:10]} 9. Bf4
{[%clk 01:15:10]} {[%emt 00:03:42]} Nbd7 {[%clk 01:24:53]} {[%emt 00:04:27]}
10. Nxg6 {[%clk 01:11:45]} {[%emt 00:03:56]} hxg6 {[%clk 01:25:03]} {[%emt
00:00:18]} 11. O-O {[%clk 01:11:39]} {[%emt 00:00:35]} Nh5 {[%clk 01:09:37]}
{[%emt 00:15:57]} 12. Bc1 {[%clk 01:08:14]} {[%emt 00:03:57]} Qb6 {[%clk
01:01:49]} {[%emt 00:08:17]} 13. Qc2 {[%clk 01:03:32]} {[%emt 00:05:11]} Ra8
{[%clk 00:52:13]} {[%emt 00:10:07]} 14. cxd5 {[%clk 00:54:36]} {[%emt
00:09:26]} cxd5 {[%clk 00:50:35]} {[%emt 00:02:07]} 15. Bxd5 {[%clk 00:54:38]}
{[%emt 00:00:29]} exd5 {[%clk 00:43:41]} {[%emt 00:07:24]} 16. Nxd5 {[%clk
00:55:01]} {[%emt 00:00:07]} Qc6 {[%clk 00:43:44]} {[%emt 00:00:27]} 17. Qxc6
{[%clk 00:54:14]} {[%emt 00:01:17]} bxc6 {[%emt 00:00:08]} 18. Nc7+ {[%clk
00:54:40]} {[%emt 00:00:01]} Kd8 {[%clk 00:43:59]} {[%emt 00:00:39]} 19. Nxa8
{[%clk 00:55:05]} {[%emt 00:00:07]} Kc8 {[%clk 00:42:24]} {[%emt 00:02:04]} 20.
g4 {[%clk 00:54:29]} {[%emt 00:01:05]} Nhf6 {[%clk 00:42:11]} {[%emt 00:00:44]}
21. Bf4 {[%clk 00:54:45]} {[%emt 00:00:14]} Kb7 {[%clk 00:40:52]} {[%emt
00:01:49]} 22. Nc7 {[%clk 00:53:09]} {[%emt 00:02:04]} g5 {[%clk 00:40:35]}
{[%emt 00:00:49]} 23. Bg3 {[%clk 00:53:08]} {[%emt 00:00:30]} Ne4 {[%clk
00:36:47]} {[%emt 00:04:18]} 24. Ne8 {[%clk 00:53:03]} {[%emt 00:00:35]} f6
{[%clk 00:31:15]} {[%emt 00:06:02]} 25. Rac1 {[%clk 00:51:52]} {[%emt
00:01:40]} Nxg3 {[%clk 00:26:11]} {[%emt 00:05:37]} 26. hxg3 {[%clk 00:52:10]}
{[%emt 00:00:11]} g6 {[%clk 00:24:54]} {[%emt 00:01:47]} 27. d5 {[%clk
00:51:42]} {[%emt 00:00:58]} c5 {[%clk 00:24:51]} {[%emt 00:00:33]} 28. b4
{[%clk 00:52:07]} {[%emt 00:00:05]} Be7 {[%clk 00:21:53]} {[%emt 00:03:28]} 29.
bxc5 {[%clk 00:52:28]} {[%emt 00:00:10]} Nxc5 {[%clk 00:21:05]} {[%emt
00:01:17]} 30. d6 {[%clk 00:51:35]} {[%emt 00:01:22]} Rxe8 {[%clk 00:21:09]}
{[%emt 00:00:27]} 31. dxe7 {[%clk 00:51:59]} {[%emt 00:00:06]} Ne6 {[%clk
00:20:44]} {[%emt 00:00:54]} 32. Rfd1 {[%clk 00:52:10]} {[%emt 00:00:19]} Rxe7
{[%clk 00:21:02]} {[%emt 00:00:12]} 33. Rd6 {[%clk 00:52:33]} {[%emt 00:00:08]}
1-0

[Event "ODJM A 2025"]
[Site "Willingen GER"]
[Date "2025.06.10"]
[Round "4"]
[White "Meiwes, Thore"]
[Black "Schilling, Rumo"]
[Result "1-0"]
[Termination "normal"]
[Board "15"]
[WhiteElo "2139"]
[BlackElo "1852"]
[WhiteClock "00:57:28"]
[BlackClock "00:15:29"]
[PlyCount "63"]
[WhiteFideId "16201256"]
[BlackFideId "16283139"]
[EventCountry "GER"]
[EventRounds "9"]
[EventType "swiss"]
[EventDate "2025.06.07"]

1. d4 {[%clk 01:30:58]} d5 {[%clk 01:30:58]} {[%emt 00:00:05]} 2. Nf3 {[%clk
01:31:23]} {[%emt 00:00:03]} c5 {[%clk 01:31:24]} {[%emt 00:00:05]} 3. c3
{[%clk 01:31:41]} {[%emt 00:00:10]} cxd4 {[%clk 01:30:08]} {[%emt 00:01:47]} 4.
cxd4 {[%clk 01:32:07]} {[%emt 00:00:03]} Nf6 {[%clk 01:28:08]} {[%emt
00:02:30]} 5. Nc3 {[%clk 01:32:33]} {[%emt 00:00:03]} Nc6 {[%clk 01:24:25]}
{[%emt 00:04:14]} 6. Bf4 {[%clk 01:32:59]} {[%emt 00:00:03]} Bf5 {[%clk
01:16:24]} {[%emt 00:08:32]} 7. Qb3 {[%clk 01:33:17]} {[%emt 00:00:11]} Na5
{[%clk 01:07:13]} {[%emt 00:09:43]} 8. Qa4+ {[%clk 01:33:43]} {[%emt 00:00:03]}
Bd7 {[%clk 01:06:48]} {[%emt 00:00:55]} 9. Qc2 {[%clk 01:34:07]} {[%emt
00:00:05]} e6 {[%clk 00:59:48]} {[%emt 00:07:31]} 10. e3 {[%clk 01:34:32]}
{[%emt 00:00:05]} Rc8 {[%clk 01:00:04]} {[%emt 00:00:14]} 11. Bd3 {[%clk
01:34:58]} {[%emt 00:00:03]} b5 {[%clk 00:56:09]} {[%emt 00:04:27]} 12. a3
{[%clk 01:32:36]} {[%emt 00:02:50]} Qb6 {[%clk 00:43:57]} {[%emt 00:12:42]} 13.
O-O {[%clk 01:32:51]} {[%emt 00:00:15]} Nc4 {[%clk 00:42:31]} {[%emt 00:01:58]}
14. Rfc1 {[%clk 01:31:31]} {[%emt 00:01:47]} Be7 {[%clk 00:41:25]} {[%emt
00:01:38]} 15. Ne5 {[%clk 01:30:51]} {[%emt 00:01:09]} a5 {[%clk 00:38:16]}
{[%emt 00:03:40]} 16. Qe2 {[%clk 01:29:19]} {[%emt 00:02:01]} h6 {[%clk
00:33:45]} {[%emt 00:05:02]} 17. a4 {[%clk 01:24:32]} {[%emt 00:05:17]} b4
{[%clk 00:33:09]} {[%emt 00:01:07]} 18. Nb5 {[%clk 01:23:16]} {[%emt 00:01:44]}
Bxb5 {[%clk 00:30:02]} {[%emt 00:03:39]} 19. axb5 {[%clk 01:21:48]} {[%emt
00:01:57]} Nd6 {[%clk 00:29:33]} {[%emt 00:00:59]} 20. Nc6 {[%clk 01:21:41]}
{[%emt 00:00:36]} Nb7 {[%clk 00:27:34]} {[%emt 00:02:30]} 21. Rc2 {[%clk
01:13:43]} {[%emt 00:08:28]} Bd8 {[%clk 00:21:30]} {[%emt 00:06:35]} 22. Rac1
{[%clk 01:11:09]} {[%emt 00:03:02]} O-O {[%clk 00:21:30]} {[%emt 00:00:31]} 23.
Ne7+ {[%clk 01:11:03]} {[%emt 00:00:35]} Bxe7 {[%clk 00:21:50]} {[%emt
00:00:11]} 24. Rxc8 {[%clk 01:11:29]} {[%emt 00:00:03]} g5 {[%clk 00:20:40]}
{[%emt 00:01:41]} 25. Rxf8+ {[%clk 01:08:13]} {[%emt 00:03:46]} Bxf8 {[%clk
00:19:55]} {[%emt 00:01:16]} 26. Be5 {[%clk 01:04:45]} {[%emt 00:03:56]} Nd7
{[%clk 00:19:35]} {[%emt 00:00:53]} 27. Bc7 {[%clk 01:04:55]} {[%emt 00:00:18]}
Qa7 {[%clk 00:19:49]} {[%emt 00:00:17]} 28. Rc6 {[%clk 01:03:01]} {[%emt
00:02:22]} Qa8 {[%clk 00:20:16]} {[%emt 00:00:04]} 29. h4 {[%clk 01:02:41]}
{[%emt 00:00:49]} Bg7 {[%clk 00:15:46]} {[%emt 00:05:01]} 30. hxg5 {[%clk
00:59:26]} {[%emt 00:03:45]} hxg5 {[%clk 00:16:08]} {[%emt 00:00:07]} 31. Qh5
{[%clk 00:58:24]} {[%emt 00:01:32]} f6 {[%clk 00:15:29]} {[%emt 00:01:10]} 32.
Rxe6 {[%clk 00:57:28]} {[%emt 00:01:25]} 1-0

[Event "ODJM A 2025"]
[Site "Willingen GER"]
[Date "2025.06.10"]
[Round "4"]
[White "Abou Wally, Adrian"]
[Black "Hoffmann, Kay"]
[Result "1/2-1/2"]
[Termination "normal"]
[Board "16"]
[WhiteElo "1947"]
[BlackElo "2123"]
[WhiteClock "00:15:29"]
[BlackClock "00:09:36"]
[PlyCount "96"]
[WhiteFideId "16245113"]
[BlackFideId "16227000"]
[EventCountry "GER"]
[EventRounds "9"]
[EventType "swiss"]
[EventDate "2025.06.07"]

1. e4 {[%clk 01:30:59]} e5 {[%clk 01:30:56]} {[%emt 00:00:06]} 2. Nf3 {[%clk
01:31:25]} {[%emt 00:00:05]} Nf6 {[%clk 01:31:21]} {[%emt 00:00:04]} 3. Nxe5
{[%clk 01:31:50]} {[%emt 00:00:05]} d6 {[%clk 01:31:47]} {[%emt 00:00:04]} 4.
Nc4 {[%clk 01:32:09]} {[%emt 00:00:08]} Nxe4 {[%clk 01:32:08]} {[%emt
00:00:10]} 5. Nc3 {[%clk 01:32:35]} {[%emt 00:00:05]} Nxc3 {[%clk 01:31:42]}
{[%emt 00:00:56]} 6. bxc3 {[%clk 01:32:59]} {[%emt 00:00:06]} d5 {[%clk
01:21:02]} {[%emt 00:11:10]} 7. Ne3 {[%clk 01:33:21]} {[%emt 00:00:07]} c6
{[%clk 01:20:44]} {[%emt 00:00:49]} 8. d4 {[%clk 01:33:45]} {[%emt 00:00:06]}
Bd6 {[%clk 01:16:31]} {[%emt 00:04:42]} 9. Bd3 {[%clk 01:34:01]} {[%emt
00:00:14]} O-O {[%clk 01:15:27]} {[%emt 00:01:35]} 10. O-O {[%clk 01:34:23]}
{[%emt 00:00:07]} Qc7 {[%clk 00:51:08]} {[%emt 00:24:50]} 11. h3 {[%clk
01:33:09]} {[%emt 00:01:44]} Re8 {[%clk 00:49:17]} {[%emt 00:02:20]} 12. Qf3
{[%clk 01:17:34]} {[%emt 00:16:05]} Be6 {[%clk 00:40:58]} {[%emt 00:08:47]} 13.
Nf5 {[%clk 01:05:44]} {[%emt 00:12:23]} Bf8 {[%clk 00:38:42]} {[%emt 00:02:46]}
14. Bf4 {[%clk 01:03:19]} {[%emt 00:02:55]} Qd8 {[%clk 00:37:04]} {[%emt
00:02:07]} 15. Rab1 {[%clk 01:02:22]} {[%emt 00:01:28]} b5 {[%clk 00:32:59]}
{[%emt 00:04:34]} 16. Rfe1 {[%clk 00:48:46]} {[%emt 00:14:06]} Bxf5 {[%clk
00:26:42]} {[%emt 00:06:47]} 17. Bxf5 {[%clk 00:49:07]} {[%emt 00:00:09]} Nd7
{[%clk 00:26:13]} {[%emt 00:01:00]} 18. Qg3 {[%clk 00:48:47]} {[%emt 00:00:50]}
Nb6 {[%clk 00:21:39]} {[%emt 00:05:04]} 19. Rxe8 {[%clk 00:36:15]} {[%emt
00:13:01]} Qxe8 {[%clk 00:21:54]} {[%emt 00:00:16]} 20. Kf1 {[%clk 00:36:42]}
{[%emt 00:00:01]} Qd8 {[%clk 00:14:19]} {[%emt 00:08:07]} 21. Re1 {[%clk
00:31:33]} {[%emt 00:05:39]} Qf6 {[%clk 00:13:23]} {[%emt 00:01:26]} 22. Bd3
{[%clk 00:31:50]} {[%emt 00:00:13]} Nc4 {[%clk 00:12:49]} {[%emt 00:01:05]} 23.
Bg5 {[%clk 00:21:31]} {[%emt 00:10:47]} Qd6 {[%clk 00:13:15]} {[%emt 00:00:05]}
24. Qh4 {[%clk 00:19:55]} {[%emt 00:02:07]} h6 {[%clk 00:12:13]} {[%emt
00:01:33]} 25. Bf4 {[%clk 00:19:59]} {[%emt 00:00:24]} Qd8 {[%clk 00:09:08]}
{[%emt 00:03:34]} 26. Qg4 {[%clk 00:14:13]} {[%emt 00:06:17]} Qf6 {[%clk
00:09:26]} {[%emt 00:00:12]} 27. Be5 {[%clk 00:08:08]} {[%emt 00:06:35]} Qg5
{[%clk 00:08:32]} {[%emt 00:01:25]} 28. Qxg5 {[%clk 00:06:39]} {[%emt
00:01:58]} hxg5 {[%clk 00:08:57]} {[%emt 00:00:05]} 29. Bxc4 {[%clk 00:06:55]}
{[%emt 00:00:15]} dxc4 {[%clk 00:08:44]} {[%emt 00:00:42]} 30. Bc7 {[%clk
00:07:03]} {[%emt 00:00:23]} Rc8 {[%clk 00:04:24]} {[%emt 00:04:50]} 31. Ba5
{[%clk 00:06:59]} {[%emt 00:00:34]} a6 {[%clk 00:03:21]} {[%emt 00:01:33]} 32.
Bb4 {[%clk 00:06:26]} {[%emt 00:01:03]} f6 {[%clk 00:02:46]} {[%emt 00:01:04]}
33. f3 {[%clk 00:05:01]} {[%emt 00:01:55]} Kf7 {[%clk 00:03:12]} {[%emt
00:00:05]} 34. Kf2 {[%clk 00:05:21]} {[%emt 00:00:10]} c5 {[%clk 00:02:20]}
{[%emt 00:01:22]} 35. dxc5 {[%clk 00:02:23]} {[%emt 00:03:27]} Bxc5+ {[%clk
00:02:40]} {[%emt 00:00:11]} 36. Bxc5 {[%clk 00:01:12]} {[%emt 00:01:40]} Rxc5
{[%clk 00:03:05]} {[%emt 00:00:05]} 37. Rd1 {[%clk 00:00:59]} {[%emt 00:00:43]}
Ke7 {[%clk 00:02:15]} {[%emt 00:01:20]} 38. Rd4 {[%clk 00:01:00]} {[%emt
00:00:29]} Re5 {[%clk 00:02:14]} {[%emt 00:00:31]} 39. a3 {[%clk 00:00:54]}
{[%emt 00:00:37]} Ke6 {[%clk 00:01:56]} {[%emt 00:00:48]} 40. Rd8 {[%clk
00:01:01]} {[%emt 00:00:23]} Ke7 {[%clk 00:00:52]} {[%emt 00:01:34]} 41. Ra8
{[%clk 00:22:32]} {[%emt 00:08:59]} Re6 {[%clk 00:30:35]} {[%emt 00:00:46]} 42.
Ra7+ {[%clk 00:22:56]} {[%emt 00:00:06]} Kf8 {[%clk 00:31:01]} {[%emt
00:00:05]} 43. g4 {[%clk 00:19:26]} {[%emt 00:04:00]} g6 {[%clk 00:15:20]}
{[%emt 00:16:10]} 44. Ra8+ {[%clk 00:19:16]} {[%emt 00:00:40]} Kg7 {[%clk
00:13:59]} {[%emt 00:01:51]} 45. Ra7+ {[%clk 00:19:35]} {[%emt 00:00:11]} Kh6
{[%clk 00:10:22]} {[%emt 00:04:06]} 46. Rf7 {[%clk 00:18:23]} {[%emt 00:01:43]}
Rc6 {[%clk 00:09:13]} {[%emt 00:01:39]} 47. Ke2 {[%clk 00:15:37]} {[%emt
00:03:16]} Rd6 {[%clk 00:09:36]} {[%emt 00:00:07]} 48. Ke1 {[%clk 00:15:29]}
{[%emt 00:00:37]} Re6+ {[%emt 00:00:12]} 1/2-1/2

[Event "ODJM A 2025"]
[Site "Willingen GER"]
[Date "2025.06.10"]
[Round "4"]
[White "Uhlmann, Tim"]
[Black "Alheit, Maximilian"]
[Result "1/2-1/2"]
[Termination "normal"]
[Board "17"]
[WhiteElo "2118"]
[BlackElo "1884"]
[WhiteClock "00:02:07"]
[BlackClock "00:01:28"]
[PlyCount "80"]
[WhiteFideId "16239210"]
[BlackFideId "34607676"]
[EventCountry "GER"]
[EventRounds "9"]
[EventType "swiss"]
[EventDate "2025.06.07"]

1. e4 {[%clk 01:30:58]} {[%emt 00:00:02]} e6 {[%clk 01:30:57]} {[%emt
00:00:04]} 2. c4 {[%clk 01:31:03]} {[%emt 00:00:24]} d5 {[%clk 01:31:21]}
{[%emt 00:00:06]} 3. exd5 {[%clk 01:31:27]} {[%emt 00:00:06]} exd5 {[%clk
01:31:46]} {[%emt 00:00:04]} 4. d4 {[%clk 01:31:51]} {[%emt 00:00:06]} Nf6
{[%clk 01:32:11]} {[%emt 00:00:07]} 5. Nc3 {[%clk 01:31:46]} {[%emt 00:00:35]}
Bb4 {[%clk 01:32:34]} {[%emt 00:00:07]} 6. Nf3 {[%clk 01:32:07]} {[%emt
00:00:08]} O-O {[%clk 01:32:32]} {[%emt 00:00:31]} 7. Bd3 {[%clk 01:31:43]}
{[%emt 00:00:55]} dxc4 {[%clk 01:32:55]} {[%emt 00:00:07]} 8. Bxc4 {[%clk
01:32:08]} {[%emt 00:00:05]} Bg4 {[%clk 01:32:25]} {[%emt 00:00:59]} 9. O-O
{[%clk 01:28:50]} {[%emt 00:03:49]} Nbd7 {[%clk 01:17:28]} {[%emt 00:15:27]}
10. Qb3 {[%clk 01:20:09]} {[%emt 00:09:13]} Bd6 {[%clk 01:06:42]} {[%emt
00:11:14]} 11. Nb5 {[%clk 01:14:45]} {[%emt 00:05:54]} Nb6 {[%clk 01:06:37]}
{[%emt 00:00:34]} 12. Nxd6 {[%clk 01:13:14]} {[%emt 00:02:02]} Qxd6 {[%clk
01:06:58]} {[%emt 00:00:10]} 13. Be2 {[%clk 01:12:27]} {[%emt 00:01:16]} Rfe8
{[%clk 01:05:22]} {[%emt 00:02:06]} 14. Be3 {[%clk 01:09:47]} {[%emt 00:03:11]}
Nfd5 {[%clk 01:02:12]} {[%emt 00:03:39]} 15. Rae1 {[%clk 01:01:11]} {[%emt
00:09:05]} Re7 {[%clk 00:55:57]} {[%emt 00:06:45]} 16. Bd1 {[%clk 00:50:17]}
{[%emt 00:11:25]} Rae8 {[%clk 00:40:02]} {[%emt 00:16:25]} 17. Qd3 {[%clk
00:49:38]} {[%emt 00:01:09]} h6 {[%clk 00:32:30]} {[%emt 00:08:02]} 18. Ng5
{[%clk 00:48:07]} {[%emt 00:02:01]} Nf6 {[%clk 00:31:05]} {[%emt 00:01:55]} 19.
Bxg4 {[%clk 00:46:54]} {[%emt 00:01:43]} hxg5 {[%clk 00:31:27]} {[%emt
00:00:08]} 20. Bd1 {[%clk 00:45:48]} {[%emt 00:01:36]} Nbd5 {[%clk 00:27:42]}
{[%emt 00:04:15]} 21. Bd2 {[%clk 00:38:40]} {[%emt 00:07:38]} Ne4 {[%clk
00:19:44]} {[%emt 00:08:28]} 22. Bc1 {[%clk 00:32:33]} {[%emt 00:06:37]} Nf4
{[%clk 00:16:44]} {[%emt 00:03:29]} 23. Qc4 {[%clk 00:28:43]} {[%emt 00:04:20]}
c6 {[%clk 00:15:16]} {[%emt 00:02:00]} 24. Bf3 {[%clk 00:21:40]} {[%emt
00:07:32]} b5 {[%clk 00:09:08]} {[%emt 00:06:38]} 25. Qc2 {[%clk 00:20:44]}
{[%emt 00:01:27]} Qxd4 {[%clk 00:08:37]} {[%emt 00:01:01]} 26. Qxc6 {[%clk
00:20:21]} {[%emt 00:00:53]} Nd3 {[%clk 00:07:36]} {[%emt 00:01:31]} 27. Be3
{[%clk 00:16:40]} {[%emt 00:04:12]} Qxb2 {[%clk 00:07:18]} {[%emt 00:00:46]}
28. Rb1 {[%clk 00:15:39]} {[%emt 00:01:31]} Qxa2 {[%clk 00:07:08]} {[%emt
00:00:41]} 29. Qxb5 {[%clk 00:16:00]} {[%emt 00:00:08]} Nf4 {[%clk 00:06:52]}
{[%emt 00:00:46]} 30. Ra1 {[%clk 00:14:19]} {[%emt 00:02:11]} Qe6 {[%clk
00:05:19]} {[%emt 00:02:02]} 31. Ra6 {[%clk 00:12:54]} {[%emt 00:01:56]} Qd5
{[%clk 00:03:49]} {[%emt 00:02:00]} 32. Qxd5 {[%clk 00:06:25]} {[%emt
00:06:59]} Nxd5 {[%clk 00:04:13]} {[%emt 00:00:07]} 33. Bxg5 {[%clk 00:03:24]}
{[%emt 00:03:31]} Nb4 {[%clk 00:01:25]} {[%emt 00:03:18]} 34. Bxe7 {[%clk
00:02:35]} {[%emt 00:01:18]} Nxa6 {[%clk 00:01:54]} 35. Bxe4 {[%clk 00:02:35]}
{[%emt 00:00:30]} Rxe7 {[%clk 00:02:10]} {[%emt 00:00:15]} 36. f3 {[%clk
00:01:43]} {[%emt 00:01:22]} Nc5 {[%clk 00:02:24]} {[%emt 00:00:15]} 37. Bd5
{[%clk 00:02:01]} {[%emt 00:00:11]} g6 {[%clk 00:01:32]} {[%emt 00:01:23]} 38.
Rc1 {[%clk 00:01:17]} {[%emt 00:01:14]} Nd3 {[%clk 00:01:21]} {[%emt 00:00:42]}
39. Rc8+ {[%clk 00:01:40]} {[%emt 00:00:06]} Kg7 {[%clk 00:01:45]} {[%emt
00:00:05]} 40. Be4 {[%clk 00:02:07]} {[%emt 00:00:05]} Ne5 {[%clk 00:01:28]}
{[%emt 00:00:46]} 1/2-1/2

[Event "ODJM A 2025"]
[Site "Willingen GER"]
[Date "2025.06.10"]
[Round "4"]
[White "Schmidt, Boris"]
[Black "Walter, Richard"]
[Result "1-0"]
[Termination "normal"]
[Board "18"]
[WhiteElo "1930"]
[BlackElo "2041"]
[WhiteClock "00:49:35"]
[BlackClock "00:32:27"]
[PlyCount "43"]
[WhiteFideId "16238036"]
[BlackFideId "34620028"]
[EventCountry "GER"]
[EventRounds "9"]
[EventType "swiss"]
[EventDate "2025.06.07"]

1. e4 {[%clk 01:30:56]} {[%emt 00:00:04]} c6 {[%clk 01:30:57]} {[%emt
00:00:05]} 2. d3 {[%clk 01:31:22]} {[%emt 00:00:03]} d5 {[%clk 01:31:23]}
{[%emt 00:00:03]} 3. Bf4 {[%clk 01:31:50]} {[%emt 00:00:04]} dxe4 {[%clk
01:31:44]} {[%emt 00:00:09]} 4. Nc3 {[%clk 01:32:13]} {[%emt 00:00:06]} exd3
{[%clk 01:30:27]} {[%emt 00:01:48]} 5. Bxd3 {[%clk 01:32:37]} {[%emt 00:00:04]}
Nf6 {[%clk 01:29:19]} {[%emt 00:01:38]} 6. Nf3 {[%clk 01:31:31]} {[%emt
00:01:36]} Bg4 {[%clk 01:27:10]} {[%emt 00:02:39]} 7. h3 {[%clk 01:31:33]}
{[%emt 00:00:29]} Bh5 {[%clk 01:27:34]} {[%emt 00:00:06]} 8. Qe2 {[%clk
01:31:26]} {[%emt 00:00:36]} e6 {[%clk 01:22:28]} {[%emt 00:05:37]} 9. O-O-O
{[%clk 01:30:06]} {[%emt 00:01:50]} Nbd7 {[%clk 01:16:55]} {[%emt 00:06:04]}
10. g4 {[%clk 01:22:36]} {[%emt 00:08:00]} Bg6 {[%clk 01:17:18]} {[%emt
00:00:07]} 11. Ne5 {[%clk 01:22:25]} {[%emt 00:00:41]} Bxd3 {[%clk 01:07:04]}
{[%emt 00:10:44]} 12. Rxd3 {[%clk 01:22:46]} {[%emt 00:00:09]} Qa5 {[%clk
01:06:33]} {[%emt 00:01:01]} 13. Nc4 {[%clk 01:05:50]} {[%emt 00:17:27]} Qa6
{[%clk 00:58:36]} {[%emt 00:08:27]} 14. Nd6+ {[%clk 00:57:46]} {[%emt
00:08:34]} Bxd6 {[%clk 00:59:00]} {[%emt 00:00:05]} 15. Bxd6 {[%clk 00:58:13]}
{[%emt 00:00:03]} O-O-O {[%clk 00:57:22]} {[%emt 00:02:08]} 16. g5 {[%clk
00:54:57]} {[%emt 00:03:45]} Nd5 {[%clk 00:46:59]} {[%emt 00:10:53]} 17. Nxd5
{[%clk 00:54:37]} {[%emt 00:00:51]} exd5 {[%clk 00:47:22]} {[%emt 00:00:07]}
18. Qf3 {[%clk 00:54:54]} {[%emt 00:00:12]} f6 {[%clk 00:43:11]} {[%emt
00:04:41]} 19. Ra3 {[%clk 00:48:53]} {[%emt 00:06:31]} Qb6 {[%clk 00:43:09]}
{[%emt 00:00:32]} 20. Rb3 {[%clk 00:49:17]} {[%emt 00:00:06]} Qd4 {[%clk
00:41:30]} {[%emt 00:02:08]} 21. Rb4 {[%clk 00:49:11]} {[%emt 00:00:37]} Ne5
{[%clk 00:32:27]} {[%emt 00:09:32]} 22. Qf5+ {[%clk 00:49:35]} {[%emt
00:00:05]} 1-0